Cesty k čistší produkci a spotřebe

Bibliographic Details
Main Author: Remtová, Květa (Author)
Format: Book
Language:Czech
PhysicalDescription:217 s. 29 cm
Published: Praha Vysoká škola ekonomická 1994
ISBN:8070796642
Edition:1. vyd.

MARC

LEADER 00000nam a2200000 a 4500
001 vtls001170551
003 SK-MaSNL
005 20260301063347.0
008 250414s1994 xr 0 cze
020 |a 8070796642 
035 |a SNK000113532 
040 |a SNK  |b slo  |c SNK  |e AACR2 
041 0 |a cze 
044 |a xr  |c CZ 
080 |a 504.064.4(075.8)  |2 1981 
100 1 |a Remtová, Květa  |4 aut  |9 379008 
245 1 0 |a Cesty k čistší produkci a spotřebe  |c Květa Remtová 
250 |a 1. vyd. 
260 |a Praha  |b Vysoká škola ekonomická  |c 1994 
300 |a 217 s.  |c 29 cm 
852 |a Slovenská národná knižnica 
919 |a 80-7079-664-2 
954 |a prostredie životné  |a produkcia  |a spotreba 
999 |c 623751  |d 625681 
952 |t P60, <04>, [BOOK], {604}  |a SNK  |b SNK  |y VYP  |7 0  |p 17A0190798  |o snkIB 69182  |0 0  |1 0  |4 0  |d 1999-04-16  |l 0  |r 2005-01-01 00:00:00  |w 2026-02-23